000 00615nam a2200181 a 4500
001 BRCA_1587
005 20190320203457.0
008 211105s1997----sp-a---###---#000-0#spa-d
050 4 _aND160
_b.C39 1997
100 1 _aCaylus, Anticuario
_95037
245 1 0 _aPinturas de cuatro siglos 1997-1998
_cCaylus Anticuario ; fotografías Joaquín Cortés.
260 _aMadrid
_bCaylus
_c1997
300 _a317 p.
_bil. (algunas a color)
_c30 cm.
500 _aIncluye autores de las fichas de catalogación : p. 18-19
650 1 4 _aPintores españoles
_ySiglo XV
_95038
700 1 _aCortés, Joaquín
_95039
942 _2lcc
_cB
999 _c1412
_d1412